Statistics for True or False: Did These Empires Exist Together?

Click here to take the quiz!

General Stats

  • This quiz has been taken 63 times
    (54 since last reset)
  • The average score is 9 of 15

Answer Stats

QuestionAnswer% Correct
Spanish Empire and The Empire from Star Wars (films)?False
89%
Mongol Empire and Mali Empire?True
85%
Nazi Germany and the Chinese Empire?False
70%
Portuguese Empire and the Pagan Empire?False
67%
The Russian (Romanov) Empire and Mughal Empire?True
67%
Umayyad Caliphate and the Western Roman Empire?False
63%
Khmer Empire and Aztec Empire?True
63%
Assyrian Empire and Neo-Babylonian Empire?True
59%
Confederate States of America and the Republic of Texas?False
50%
United States of America and the Holy Roman Empire?True
50%
The Soviet Union and the Ottoman Empire?False
41%
British Empire and the Han Dynasty?False
41%
Sassanid Empire and the Tibetian Empire?False
41%
Alexander the Great's Macedonian Empire and the Carthaginian Empire?True
39%
Roman Empire and Incan Empire?True
35%

Score Distribution

Percentile by Number Answered

Percent of People with Each Score

Your Score History

You have not taken this quiz since the last reset